| 000 | 00000nam##2200000za#4500 |
| 001 | 9.573848 |
| 003 | CaOODSP |
| 005 | 20210624183910 |
| 007 | cr ||||||||||| |
| 008 | 150406|1993||||xxc|||||o f|0| 0 eng|d |
| 022 | |a1488-5379 |
| 040 | |aCaOODSP|beng |
| 043 | |an-cn--- |
| 086 | 1 |aFs97-6/1923E-PDF |
| 110 | 1 |aCanada. |bDepartment of Fisheries and Oceans. |bCentral and Arctic Region. |
| 245 | 14|aThe Walrus International Technical and Scientific Committee's bibliography on walrus, Odobenus rosmarus (L.), to January, 1993 / |h[electronic resource]|cedited by B.E. Stewart. |
| 260 | |aWinnipeg - Manitoba : |bFisheries and Oceans Canada. |c1993. |
| 300 | |a195p.|breferences, table |
| 490 | 1 |aCanadian technical report of fisheries and aquatic sciences|x1488-5379|vNo. 1923 |
| 500 | |aThe catalogue number (Fs97-6/1923E) and ISSN (0706-6457) for the print edition have been incorrectly copied in this electronic publication. |
| 504 | |aBibliography. |
| 546 | |a(Résumé en français) |
| 590 | |a12-22-Supp|b2012-05-24 |
| 720 | 1 |aStewart, B. E. |
| 776 | 0#|tThe Walrus International Technical and Scientific Committee's bibliography on Walrus, Odebenus rosmarus (L.), to January, 1993 / |w(CaOODSP)9.610805 |
| 830 | #0|aCanadian technical report of fisheries and aquatic sciences,|x1488-5379|vNo. 1923|w(CaOODSP)9.504449 |
| 856 | 40|ahttp://publications.gc.ca|qPDF|s8.41 MB|uhttps://publications.gc.ca/collections/collection_2012/mpo-dfo/Fs97-6-1923-eng.pdf|yNo. 1923 |